| 000 | 00918cam a22002773a 4500 | ||
|---|---|---|---|
| 001 | 344 | ||
| 003 | PGUSA | ||
| 005 | 20140828082947.0 | ||
| 008 | 951001s1995||||xxu|||||s|||||000 1 eng d | ||
| 040 |
_aPGUSA _beng |
||
| 042 | _adc | ||
| 050 | 4 | _aPR | |
| 100 | 1 |
_aStevenson, Robert Louis, _d1850-1894 |
|
| 245 | 1 | 4 |
_aThe Merry Men, and Other Tales and Fables _h[electronic resource] / _cRobert Louis Stevenson |
| 260 |
_bProject Gutenberg, _c1995 |
||
| 505 | 0 | _aThe merry men -- Will o' the mill -- Markheim -- Thrawn Janet -- Olalla -- The treasure of Franchard. | |
| 506 | _aPublic domain in the USA. | ||
| 516 | _aElectronic text | ||
| 653 | _aParanormal fiction | ||
| 653 | _aTreasure troves -- Fiction | ||
| 653 | _aGreat Britain -- History -- 19th century -- Fiction | ||
| 653 | _aBoys -- Fiction | ||
| 830 | 0 |
_aProject Gutenberg _v344 |
|
| 856 | 4 | 0 | _uhttp://www.gutenberg.org/ebooks/344 |
| 942 | _cEB | ||
| 999 |
_c229695 _d229695 |
||